[Event "IMP Kobiet do lat 20"]
[Site "Chotowa"]
[Date "2023.10.24"]
[Round "1.12"]
[White "Zabrzanska, Weronika"]
[Black "Woytitzki, Sophie"]
[Result "1-0"]
[BlackElo "1259"]
[WhiteElo "1915"]
[LiveChessVersion "1.4.8"]

1. e4 {[%clk 1:30:59]} e6 {[%clk 1:30:46]} 2. d4 {[%clk 1:31:06]} d5
{[%clk 1:31:11]} 3. exd5 {[%clk 1:30:11]} exd5 {[%clk 1:31:35]} 4. Nf3
{[%clk 1:30:33]} Nf6 {[%clk 1:31:32]} 5. Bd3 {[%clk 1:30:48]} c5 {[%clk 1:29:25]}
6. c3 {[%clk 1:29:12]} c4 {[%clk 1:29:16]} 7. Be2 {[%clk 1:25:36]} Bd6
{[%clk 1:27:37]} 8. b3 {[%clk 1:25:25]} Qc7 {[%clk 1:26:17]} 9. bxc4
{[%clk 1:23:38]} dxc4 {[%clk 1:26:39]} 10. Qa4+ {[%clk 1:19:30]} Nc6
{[%clk 1:25:21]} 11. Qxc4 {[%clk 1:01:16]} Be6 {[%clk 1:24:54]} 12. Qd3
{[%clk 1:01:09]} O-O {[%clk 1:23:35]} 13. O-O {[%clk 1:00:01]} Rfe8
{[%clk 1:21:59]} 14. c4 {[%clk 0:48:38]} Nb4 {[%clk 1:20:27]} 15. Qb3
{[%clk 0:44:38]} a5 {[%clk 1:17:36]} 16. a3 {[%clk 0:43:03]} Na6 {[%clk 1:17:44]}
17. Nc3 {[%clk 0:42:53]} b6 {[%clk 1:17:03]} 18. Bg5 {[%clk 0:39:14]} Ng4
{[%clk 1:10:44]} 19. h3 {[%clk 0:38:20]} Nh2 20. Nb5 Nxf3+ {[%clk 1:08:28]} 21.
Bxf3 {[%clk 0:33:23]} Qxc4 {[%clk 1:08:34]} 22. Qxc4 {[%clk 0:33:17]} Bxc4
{[%clk 1:08:53]} 23. Nxd6 {[%clk 0:33:21]} Bxf1 {[%clk 1:08:56]} 24. Nxe8
{[%clk 0:33:09]} Rxe8 {[%clk 1:09:19]} 25. Kxf1 {[%clk 0:33:27]} h6
{[%clk 1:08:47]} 26. Be3 {[%clk 0:33:12]} g6 {[%clk 1:08:25]} 27. Rb1
{[%clk 0:32:56]} Re6 {[%clk 1:07:04]} 28. d5 {[%clk 0:33:06]} Rd6
{[%clk 1:07:08]} 29. Bf4 {[%clk 0:29:12]} Rf6 {[%clk 1:07:19]} 30. Be5
{[%clk 0:29:22]} Rf5 {[%clk 1:07:43]} 31. Bd6 {[%clk 0:27:14]} Nc5
{[%clk 1:06:48]} 32. Bxc5 {[%clk 0:26:51]} bxc5 {[%clk 1:07:12]} 33. d6
{[%clk 0:27:14]} Rf6 {[%clk 1:07:25]} 34. d7 {[%clk 0:27:21]} Rd6
{[%clk 1:07:45]} 35. Rd1 {[%clk 0:27:37]} Rxd7 {[%clk 1:07:52]} 36. Rxd7
{[%clk 0:28:01]} c4 {[%clk 1:08:17]} 37. Rc7 {[%clk 0:28:18]} h5 {[%clk 1:08:42]}
38. Rxc4 {[%clk 0:28:43]} Kf8 {[%clk 1:09:06]} 39. Ra4 {[%clk 0:29:05]} Ke7
{[%clk 1:09:29]} 40. Rxa5 {[%clk 0:59:32]} Kd6 {[%clk 1:39:53]} 41. Rb5
{[%clk 0:59:50]} f6 {[%clk 1:39:56]} 42. a4 {[%clk 1:00:17]} h4 {[%clk 1:40:20]}
43. a5 {[%clk 1:00:44]} g5 {[%clk 1:40:43]} 44. a6 {[%clk 1:01:11]} f5
{[%clk 1:40:53]} 45. a7 {[%clk 1:01:37]} f4 {[%clk 1:41:16]} 46. a8=Q
{[%clk 1:02:00]} g4 {[%clk 1:41:37]} 47. Qc6+ {[%clk 1:02:13]} Ke7
{[%clk 1:42:00]} 48. Rb7+ {[%clk 1:02:37]} Kd8 {[%clk 1:42:26]} 49. Qd7#
{[%clk 1:03:00]} 1-0

[Event "IMP Kobiet do lat 20"]
[Site "Chotowa"]
[Date "2023.10.31"]
[Round "2.1"]
[White "Starosta, Martyna"]
[Black "Hertlein, Irena"]
[Result "1/2-1/2"]
[BlackElo "1952"]
[WhiteElo "2180"]
[LiveChessVersion "1.4.8"]

1. e4 {[%clk 1:30:57]} c5 {[%clk 1:30:56]} 2. Nc3 {[%clk 1:31:23]} Nc6
{[%clk 1:30:53]} 3. Bb5 {[%clk 1:31:47]} Nd4 {[%clk 1:30:16]} 4. Nf3
{[%clk 1:32:10]} g6 {[%clk 1:25:49]} 5. Bc4 {[%clk 1:32:25]} Bg7 {[%clk 1:25:33]}
6. Nxd4 {[%clk 1:32:41]} cxd4 {[%clk 1:24:32]} 7. Qf3 {[%clk 1:33:05]} Nh6
{[%clk 1:07:33]} 8. Ne2 {[%clk 1:19:28]} e5 {[%clk 1:00:20]} 9. d3
{[%clk 1:14:50]} Qe7 {[%clk 0:57:25]} 10. c3 {[%clk 1:08:25]} d6 {[%clk 0:41:49]}
11. Bxh6 {[%clk 1:04:09]} Bxh6 {[%clk 0:42:13]} 12. cxd4 {[%clk 1:04:13]} exd4
{[%clk 0:42:06]} 13. Nxd4 {[%clk 1:02:29]} d5 {[%clk 0:42:00]} 14. Bb5+
{[%clk 0:37:38]} Kf8 {[%clk 0:42:06]} 15. Nc2 {[%clk 0:34:41]} Qc7
{[%clk 0:32:27]} 16. O-O {[%clk 0:21:24]} Qxc2 {[%clk 0:32:01]} 17. Qf6
{[%clk 0:21:01]} Kg8 {[%clk 0:31:44]} 18. exd5 {[%clk 0:18:20]} Bf5
{[%clk 0:30:41]} 19. Rfe1 {[%clk 0:17:40]} Bg7 {[%clk 0:23:26]} 20. Qe7
{[%clk 0:17:13]} Bxb2 {[%clk 0:18:57]} 21. Rab1 {[%clk 0:12:46]} Bd4
{[%clk 0:17:49]} 22. Be8 {[%clk 0:06:30]} Rxe8 {[%clk 0:03:40]} 23. Qxe8+
{[%clk 0:06:53]} Kg7 {[%clk 0:04:09]} 24. Qe7 {[%clk 0:06:48]} Bxf2+
{[%clk 0:04:26]} 25. Kh1 {[%clk 0:07:16]} Bxe1 {[%clk 0:04:54]} 26. Qe5+
{[%clk 0:06:06]} Kh6 {[%clk 0:03:54]} 27. Rxe1 {[%clk 0:04:19]} Rc8
{[%clk 0:03:06]} 28. g4 {[%clk 0:01:55]} Bxd3 {[%clk 0:00:47]} 29. g5+
{[%clk 0:01:29]} Kh5 {[%clk 0:01:16]} 30. Qe3 {[%clk 0:00:54]} Bf5
{[%clk 0:00:39]} 31. Qf3+ {[%clk 0:00:38]} Kxg5 {[%clk 0:00:38]} 32. Qe3+
{[%clk 0:00:44]} Kh5 {[%clk 0:00:41]} 33. h4 {[%clk 0:00:54]} f6 {[%clk 0:00:34]}
34. Qf3+ {[%clk 0:00:43]} Kh6 {[%clk 0:00:35]} 35. Qe3+ {[%clk 0:00:38]} Kh5
{[%clk 0:00:40]} 36. Qf3+ {[%clk 0:00:36]} Kh6 {[%clk 0:00:48]} 37. Qf4+
{[%clk 0:00:35]} Kg7 {[%clk 0:00:38]} 38. d6 {[%clk 0:00:33]} Rc4
{[%clk 0:00:35]} 39. Re7+ {[%clk 0:00:51]} Kg8 {[%clk 0:01:01]} 40. Re8+
{[%clk 0:30:53]} Kf7 {[%clk 0:31:06]} 41. Re7+ {[%clk 0:29:52]} Kg8
{[%clk 0:31:26]} 42. Re8+ {[%clk 0:29:55]} Kf7 {[%clk 0:29:01]} 1/2-1/2

[Event "IMP Kobiet do lat 20"]
[Site "Chotowa"]
[Date "2023.10.31"]
[Round "2.2"]
[White "Goraj, Barbara"]
[Black "Bukala, Weronika"]
[Result "1-0"]
[BlackElo "1917"]
[WhiteElo "2135"]
[LiveChessVersion "1.4.8"]

1. e4 {[%clk 1:30:56]} c5 {[%clk 1:30:41]} 2. Nf3 {[%clk 1:31:17]} d6
{[%clk 1:30:56]} 3. d4 {[%clk 1:31:38]} cxd4 {[%clk 1:31:20]} 4. Nxd4
{[%clk 1:31:59]} Nf6 {[%clk 1:31:36]} 5. Nc3 {[%clk 1:32:18]} a6 {[%clk 1:31:49]}
6. h4 {[%clk 1:32:27]} h6 {[%clk 1:30:20]} 7. Bc4 {[%clk 1:32:33]} e6
{[%clk 1:29:31]} 8. a3 {[%clk 1:31:46]} Qc7 {[%clk 1:24:52]} 9. Ba2
{[%clk 1:26:37]} Nc6 {[%clk 1:24:18]} 10. Be3 {[%clk 1:24:25]} Ne5
{[%clk 1:13:45]} 11. Qe2 {[%clk 1:20:52]} b5 {[%clk 1:05:29]} 12. O-O-O
{[%clk 1:10:48]} Bd7 {[%clk 1:02:50]} 13. f4 {[%clk 1:03:14]} Nc4
{[%clk 0:49:58]} 14. Bf2 {[%clk 0:53:41]} Nxa3 {[%clk 0:35:17]} 15. e5
{[%clk 0:50:02]} dxe5 {[%clk 0:22:24]} 16. fxe5 {[%clk 0:48:28]} b4
{[%clk 0:21:59]} 17. Ne4 {[%clk 0:41:29]} Nxe4 {[%clk 0:15:43]} 18. Qxe4
{[%clk 0:40:41]} Rc8 {[%clk 0:16:12]} 19. bxa3 {[%clk 0:39:14]} b3
{[%clk 0:15:39]} 20. Nxb3 {[%clk 0:35:25]} Bxa3+ {[%clk 0:14:54]} 21. Kb1
{[%clk 0:33:18]} a5 {[%clk 0:13:42]} 22. Bd4 {[%clk 0:30:18]} a4 {[%clk 0:13:38]}
23. Nd2 {[%clk 0:28:37]} Bb4 {[%clk 0:08:33]} 24. Rh3 {[%clk 0:20:45]} Qa5
{[%clk 0:07:13]} 25. Nc4 {[%clk 0:17:30]} Qb5 {[%clk 0:05:57]} 26. Ka1
{[%clk 0:16:55]} Rxc4 {[%clk 0:03:37]} 27. Bxc4 {[%clk 0:16:52]} Qxc4
{[%clk 0:04:05]} 28. Qa8+ {[%clk 0:15:44]} Qc8 {[%clk 0:04:00]} 29. Qxc8+
{[%clk 0:14:44]} Bxc8 {[%clk 0:04:29]} 30. Bb6 {[%clk 0:15:02]} O-O
{[%clk 0:03:25]} 31. Rd4 {[%clk 0:14:38]} Be1 {[%clk 0:03:21]} 32. Re4
{[%clk 0:13:15]} Bd2 {[%clk 0:03:39]} 33. Rd3 {[%clk 0:11:28]} Bb7
{[%clk 0:03:43]} 34. Rxa4 {[%clk 0:11:27]} Be1 {[%clk 0:01:59]} 35. g3
{[%clk 0:08:51]} Rc8 {[%clk 0:02:15]} 36. c4 {[%clk 0:07:18]} Be4
{[%clk 0:01:07]} 37. Re3 {[%clk 0:03:04]} Bc6 {[%clk 0:01:32]} 38. Ra6
{[%clk 0:01:47]} Bb4 {[%clk 0:00:56]} 39. Rb3 {[%clk 0:01:32]} Be1
{[%clk 0:00:57]} 40. Kb2 {[%clk 0:30:47]} Bg2 {[%clk 0:30:43]} 41. Ra1
{[%clk 0:27:43]} 1-0

[Event "IMP Kobiet do lat 20"]
[Site "Chotowa"]
[Date "2023.10.31"]
[Round "2.3"]
[White "Siekanska, Maria"]
[Black "Zabrzanska, Weronika"]
[Result "0-1"]
[BlackElo "1915"]
[WhiteElo "2065"]
[LiveChessVersion "1.4.8"]

1. d4 {[%clk 1:30:59]} Nf6 {[%clk 1:30:45]} 2. c4 {[%clk 1:31:24]} e6
{[%clk 1:30:43]} 3. g3 {[%clk 1:31:52]} d5 {[%clk 1:30:41]} 4. Bg2
{[%clk 1:32:13]} dxc4 {[%clk 1:30:55]} 5. Nf3 {[%clk 1:32:38]} c6
{[%clk 1:31:13]} 6. Ne5 {[%clk 1:31:47]} Bb4+ {[%clk 1:30:52]} 7. Bd2
{[%clk 1:31:51]} Be7 {[%clk 1:31:04]} 8. e3 {[%clk 1:29:13]} b5 {[%clk 1:28:10]}
9. Nxc6 {[%clk 1:22:37]} Nxc6 {[%clk 1:28:22]} 10. Bxc6+ {[%clk 1:23:02]} Bd7
{[%clk 1:28:42]} 11. Bxa8 {[%clk 1:23:20]} Qxa8 {[%clk 1:29:05]} 12. f3
{[%clk 1:20:05]} e5 {[%clk 1:26:05]} 13. O-O {[%clk 1:08:59]} Bh3
{[%clk 1:22:17]} 14. Nc3 {[%clk 1:01:32]} O-O {[%clk 1:14:23]} 15. Rf2
{[%clk 0:51:26]} b4 {[%clk 1:02:53]} 16. Ne2 {[%clk 0:44:57]} e4 {[%clk 0:58:35]}
17. Nf4 {[%clk 0:44:07]} Bc8 {[%clk 0:57:20]} 18. d5 {[%clk 0:31:00]} g5
{[%clk 0:53:24]} 19. Ne2 {[%clk 0:25:32]} Qxd5 {[%clk 0:33:27]} 20. Nd4
{[%clk 0:21:32]} Rd8 {[%clk 0:32:19]} 21. Qf1 {[%clk 0:19:03]} exf3
{[%clk 0:28:18]} 22. Rxf3 {[%clk 0:18:22]} Bb7 {[%clk 0:28:21]} 23. Qg2
{[%clk 0:12:38]} Qd7 {[%clk 0:18:07]} 24. Qf1 {[%clk 0:12:32]} Qd5
{[%clk 0:12:40]} 25. Qg2 {[%clk 0:12:41]} Bc5 {[%clk 0:07:42]} 26. Rf2
{[%clk 0:06:12]} Qd7 {[%clk 0:07:15]} 27. Qf1 {[%clk 0:05:16]} Ne4
{[%clk 0:02:32]} 28. Re2 {[%clk 0:03:59]} g4 {[%clk 0:01:18]} 29. Qf4
{[%clk 0:03:08]} Bd6 {[%clk 0:00:37]} 30. Qf5 {[%clk 0:03:09]} Qxf5
{[%clk 0:00:33]} 31. Nxf5 {[%clk 0:03:38]} Bc5 {[%clk 0:00:33]} 32. Be1
{[%clk 0:02:45]} Ng5 {[%clk 0:00:35]} 33. Rc1 {[%clk 0:02:08]} Ba6
{[%clk 0:00:35]} 34. Bf2 {[%clk 0:01:15]} c3 {[%clk 0:00:40]} 35. Rec2
{[%clk 0:00:37]} Nh3+ {[%clk 0:00:35]} 36. Kg2 {[%clk 0:00:58]} Bb7+
{[%clk 0:00:37]} 37. Kf1 {[%clk 0:01:25]} Be4 {[%clk 0:00:35]} 38. Nh6+
{[%clk 0:01:32]} Kg7 {[%clk 0:00:54]} 39. Nxg4 {[%clk 0:01:49]} f5
{[%clk 0:00:39]} 40. Ne5 {[%clk 0:31:32]} Bxc2 {[%clk 0:30:43]} 41. Rxc2
{[%clk 0:31:55]} Rd2 {[%clk 0:30:41]} 0-1

[Event "IMP Kobiet do lat 20"]
[Site "Chotowa"]
[Date "2023.10.31"]
[Round "2.4"]
[White "Gaszka, Zuzanna"]
[Black "Szczotka, Klara"]
[Result "1/2-1/2"]
[BlackElo "2020"]
[WhiteElo "1758"]
[LiveChessVersion "1.4.8"]

1. e4 c5 {[%clk 1:30:56]} 2. Nf3 {[%clk 1:31:22]} Nc6 {[%clk 1:31:23]} 3. Bb5
{[%clk 1:31:44]} Nf6 {[%clk 1:31:48]} 4. Nc3 {[%clk 1:32:07]} Qc7
{[%clk 1:32:06]} 5. d3 e6 {[%clk 1:29:47]} 6. Bxc6 {[%clk 1:32:31]} dxc6
{[%clk 1:29:53]} 7. e5 {[%clk 1:31:29]} Nd5 {[%clk 1:28:26]} 8. Ne4
{[%clk 1:30:42]} b5 {[%clk 1:25:36]} 9. c4 {[%clk 1:21:45]} Nb6 {[%clk 1:22:15]}
10. b3 {[%clk 1:20:00]} a5 {[%clk 1:19:08]} 11. O-O {[%clk 1:16:17]} Nd7
{[%clk 1:09:50]} 12. Bf4 {[%clk 1:04:16]} h6 {[%clk 1:04:14]} 13. h4
{[%clk 0:57:04]} Be7 {[%clk 1:00:05]} 14. h5 {[%clk 0:54:09]} Bb7
{[%clk 0:56:38]} 15. Re1 {[%clk 0:52:51]} O-O-O {[%clk 0:49:44]} 16. Qe2
{[%clk 0:44:11]} b4 {[%clk 0:43:09]} 17. Nd6+ {[%clk 0:39:03]} Bxd6
{[%clk 0:43:16]} 18. exd6 {[%clk 0:39:28]} Qb6 {[%clk 0:43:21]} 19. Ne5
{[%clk 0:39:18]} Rhf8 {[%clk 0:35:06]} 20. Nxd7 {[%clk 0:38:32]} Rxd7
{[%clk 0:35:28]} 21. Qe5 {[%clk 0:38:27]} Rg8 {[%clk 0:35:48]} 22. Be3
{[%clk 0:38:23]} Qd8 {[%clk 0:35:40]} 23. Bxc5 {[%clk 0:37:35]} g6
{[%clk 0:34:48]} 24. Re3 {[%clk 0:31:30]} gxh5 {[%clk 0:30:03]} 25. Rg3
{[%clk 0:31:24]} Rg5 {[%clk 0:24:33]} 26. Rxg5 {[%clk 0:31:05]} Qxg5
{[%clk 0:24:17]} 27. Qxg5 {[%clk 0:30:38]} hxg5 {[%clk 0:24:46]} 28. Re1
{[%clk 0:30:58]} Rd8 {[%clk 0:22:55]} 29. Re5 {[%clk 0:31:13]} Rg8
{[%clk 0:23:14]} 30. Bb6 {[%clk 0:30:01]} Kd7 {[%clk 0:21:40]} 31. Rxa5
{[%clk 0:29:53]} Kxd6 {[%clk 0:21:15]} 32. Bc5+ {[%clk 0:30:00]} Kc7
{[%clk 0:15:57]} 33. Bxb4 {[%clk 0:29:34]} f5 {[%clk 0:16:07]} 34. Re5
{[%clk 0:29:15]} Kd7 {[%clk 0:16:08]} 35. Bc5 {[%clk 0:27:06]} h4
{[%clk 0:15:31]} 36. Kh2 {[%clk 0:22:58]} g4 {[%clk 0:15:27]} 37. a4
{[%clk 0:18:26]} g3+ {[%clk 0:12:05]} 38. Kg1 {[%clk 0:15:05]} gxf2+
{[%clk 0:08:08]} 39. Kxf2 {[%clk 0:15:21]} Rg3 {[%clk 0:08:29]} 40. Re3
{[%clk 0:44:29]} Rg5 {[%clk 0:38:45]} 41. b4 {[%clk 0:43:47]} Rg4
{[%clk 0:35:27]} 42. Rh3 {[%clk 0:41:09]} Rf4+ {[%clk 0:34:07]} 43. Ke2
{[%clk 0:40:26]} Rg4 {[%clk 0:34:16]} 44. Kf3 {[%clk 0:38:14]} e5
{[%clk 0:32:12]} 45. Ke3 {[%clk 0:29:14]} Ke6 {[%clk 0:30:25]} 46. Kf2
{[%clk 0:28:34]} Ba6 {[%clk 0:22:46]} 47. Re3 {[%clk 0:23:31]} Rf4+
{[%clk 0:21:11]} 48. Rf3 {[%clk 0:22:29]} Rg4 {[%clk 0:20:05]} 49. Re3
{[%clk 0:21:59]} Rf4+ {[%clk 0:20:31]} 50. Kg1 {[%clk 0:12:32]} Rg4
{[%clk 0:17:46]} 51. Kf2 {[%clk 0:10:32]} Rf4+ {[%clk 0:18:07]} 52. Kg1
{[%clk 0:09:08]} Rg4 {[%clk 0:18:07]} 53. Kf2 {[%clk 0:07:58]} 1/2-1/2

[Event "IMP Kobiet do lat 20"]
[Site "Chotowa"]
[Date "2023.10.31"]
[Round "2.5"]
[White "Barwinska, Ewa"]
[Black "Kudlak, Julia"]
[Result "0-1"]
[BlackElo "1892"]
[WhiteElo "1974"]
[LiveChessVersion "1.4.8"]

1. e4 {[%clk 1:30:58]} e5 {[%clk 1:30:37]} 2. Nf3 {[%clk 1:31:20]} Nc6
{[%clk 1:30:26]} 3. Bb5 {[%clk 1:31:43]} a6 {[%clk 1:29:52]} 4. Ba4
{[%clk 1:32:04]} d6 {[%clk 1:28:53]} 5. O-O {[%clk 1:28:40]} Bd7 {[%clk 1:27:02]}
6. c3 {[%clk 1:17:09]} g6 {[%clk 1:23:43]} 7. d4 {[%clk 1:14:37]} Bg7
{[%clk 1:21:52]} 8. Re1 {[%clk 1:10:59]} Nge7 {[%clk 1:20:05]} 9. Bb3
{[%clk 1:06:12]} O-O {[%clk 1:16:48]} 10. h3 {[%clk 1:05:30]} Kh8
{[%clk 1:08:08]} 11. Ng5 {[%clk 0:57:15]} Qe8 {[%clk 1:02:02]} 12. dxe5
{[%clk 0:56:04]} Nxe5 {[%clk 0:59:10]} 13. f4 {[%clk 0:55:08]} N5c6
{[%clk 0:55:52]} 14. e5 {[%clk 0:47:45]} dxe5 {[%clk 0:41:00]} 15. Nxf7+
{[%clk 0:45:04]} Rxf7 {[%clk 0:41:20]} 16. Bxf7 {[%clk 0:45:28]} Qxf7
{[%clk 0:40:28]} 17. Qxd7 {[%clk 0:45:42]} exf4 {[%clk 0:30:20]} 18. Qxc7
{[%clk 0:39:48]} Rf8 {[%clk 0:26:01]} 19. Nd2 {[%clk 0:37:10]} Qd5
{[%clk 0:23:19]} 20. Nf3 {[%clk 0:31:07]} Qc5+ {[%clk 0:21:48]} 21. Kh1
{[%clk 0:30:05]} g5 {[%clk 0:16:58]} 22. Bd2 {[%clk 0:25:40]} Nf5
{[%clk 0:14:09]} 23. Qxb7 {[%clk 0:18:56]} Nd8 {[%clk 0:11:27]} 24. Qb4
{[%clk 0:10:25]} Qf2 {[%clk 0:11:49]} 25. Rad1 {[%clk 0:05:09]} h5
{[%clk 0:09:14]} 26. Nxg5 {[%clk 0:04:34]} f3 {[%clk 0:06:12]} 27. Nxf3
{[%clk 0:03:41]} Ng3+ {[%clk 0:06:24]} 28. Kh2 {[%clk 0:04:08]} Rxf3
{[%clk 0:05:24]} 29. Qe7 {[%clk 0:00:42]} Nf7 {[%clk 0:01:53]} 30. Qe8+
{[%clk 0:00:41]} Kh7 {[%clk 0:02:12]} 31. Re6 {[%clk 0:00:36]} Nf5
{[%clk 0:00:55]} 32. Bg5 {[%clk 0:00:33]} Rxh3+ {[%clk 0:00:45]} 0-1

[Event "IMP Kobiet do lat 20"]
[Site "Chotowa"]
[Date "2023.10.31"]
[Round "2.6"]
[White "Matskevich, Varvara"]
[Black "Jarocka, Liwia"]
[Result "1/2-1/2"]
[BlackElo "2208"]
[WhiteElo "1722"]
[LiveChessVersion "1.4.8"]

1. d4 {[%clk 1:29:08]} d5 {[%clk 1:30:41]} 2. c4 {[%clk 1:29:07]} e6
{[%clk 1:30:50]} 3. Nc3 {[%clk 1:28:59]} Bb4 {[%clk 1:31:03]} 4. Qa4+
{[%clk 1:27:07]} Nc6 {[%clk 1:31:28]} 5. Nf3 {[%clk 1:26:16]} Nge7
{[%clk 1:28:38]} 6. e3 {[%clk 1:23:30]} O-O {[%clk 1:21:57]} 7. Be2
{[%clk 1:20:51]} b6 {[%clk 1:14:34]} 8. O-O {[%clk 1:17:49]} a6 {[%clk 1:03:46]}
9. Bd2 {[%clk 1:15:06]} Bb7 {[%clk 0:58:20]} 10. Qc2 {[%clk 1:13:44]} Ng6
{[%clk 0:57:32]} 11. a3 {[%clk 1:12:44]} Bd6 {[%clk 0:56:59]} 12. b4
{[%clk 1:10:43]} dxc4 {[%clk 0:54:55]} 13. Bxc4 {[%clk 1:10:22]} Nh4
{[%clk 0:53:37]} 14. Nxh4 {[%clk 1:01:21]} Qxh4 {[%clk 0:54:04]} 15. f4
{[%clk 1:00:50]} Kh8 {[%clk 0:50:07]} 16. Be1 {[%clk 0:58:47]} Qe7
{[%clk 0:47:21]} 17. Ne4 {[%clk 0:56:28]} f5 {[%clk 0:47:06]} 18. Ng5
{[%clk 0:53:59]} Nd8 {[%clk 0:45:58]} 19. Qa2 {[%clk 0:50:43]} Rf6
{[%clk 0:40:04]} 20. Bh4 {[%clk 0:47:42]} Rh6 {[%clk 0:38:53]} 21. Bg3
{[%clk 0:45:19]} b5 {[%clk 0:37:36]} 22. Bb3 {[%clk 0:44:49]} a5 {[%clk 0:36:01]}
23. bxa5 {[%clk 0:42:05]} Rxa5 {[%clk 0:36:27]} 24. a4 {[%clk 0:41:26]} bxa4
{[%clk 0:30:33]} 25. Bxa4 {[%clk 0:39:15]} Rg6 {[%clk 0:14:55]} 26. Qd2
{[%clk 0:36:53]} Bb4 {[%clk 0:12:33]} 27. Qf2 {[%clk 0:36:09]} e5
{[%clk 0:11:30]} 28. dxe5 {[%clk 0:31:03]} h6 {[%clk 0:10:41]} 29. Nf3
{[%clk 0:29:44]} Rga6 {[%clk 0:10:18]} 30. Bh4 {[%clk 0:25:53]} Qf8
{[%clk 0:10:46]} 31. Bxd8 {[%clk 0:23:29]} Qxd8 {[%clk 0:07:36]} 32. Rad1
{[%clk 0:23:31]} Qg8 {[%clk 0:07:42]} 33. Bd7 {[%clk 0:18:49]} Ra2
{[%clk 0:06:13]} 1/2-1/2

[Event "IMP Kobiet do lat 20"]
[Site "Chotowa"]
[Date "2023.10.31"]
[Round "2.7"]
[White "Siekanska, Zuzanna"]
[Black "Dylag, Emilia"]
[Result "1/2-1/2"]
[BlackElo "2163"]
[WhiteElo "1885"]
[LiveChessVersion "1.4.8"]

1. d4 {[%clk 1:30:57]} Nf6 {[%clk 1:30:51]} 2. c4 {[%clk 1:31:21]} g6
{[%clk 1:31:09]} 3. Nc3 {[%clk 1:31:45]} Bg7 {[%clk 1:31:31]} 4. e4
{[%clk 1:32:09]} d6 {[%clk 1:31:44]} 5. h3 {[%clk 1:32:34]} O-O {[%clk 1:31:55]}
6. Be3 {[%clk 1:32:56]} Nbd7 {[%clk 1:31:53]} 7. Qd2 {[%clk 1:31:18]} e5
{[%clk 1:28:42]} 8. d5 {[%clk 1:31:27]} Nc5 {[%clk 1:28:18]} 9. f3
{[%clk 1:27:43]} Nh5 {[%clk 1:25:54]} 10. Nge2 {[%clk 1:25:10]} a5
{[%clk 1:18:49]} 11. O-O-O {[%clk 1:23:15]} a4 {[%clk 1:15:56]} 12. g4
{[%clk 1:23:02]} Nf4 {[%clk 1:15:28]} 13. Nxf4 {[%clk 1:21:47]} exf4
{[%clk 1:15:53]} 14. Bd4 {[%clk 1:21:05]} Bxd4 {[%clk 1:03:36]} 15. Qxd4
{[%clk 1:21:28]} Qe7 {[%clk 1:03:25]} 16. h4 {[%clk 1:21:02]} Bd7
{[%clk 0:58:45]} 17. g5 {[%clk 1:15:02]} Qe5 {[%clk 0:42:18]} 18. Kb1
{[%clk 1:03:01]} Rae8 {[%clk 0:25:50]} 19. Bh3 Bxh3 {[%clk 0:23:37]} 20. Rxh3
{[%clk 0:59:24]} Qxd4 {[%clk 0:21:55]} 21. Rxd4 {[%clk 0:59:47]} f5
{[%clk 0:21:23]} 22. gxf6 {[%clk 0:58:07]} Rxf6 {[%clk 0:21:37]} 23. Rd1
{[%clk 0:57:43]} Re5 {[%clk 0:19:06]} 24. Rg1 {[%clk 0:53:45]} Re7
{[%clk 0:11:43]} 25. Kc2 {[%clk 0:50:13]} h6 {[%clk 0:10:09]} 26. Rg4
{[%clk 0:36:13]} Nd7 {[%clk 0:08:52]} 27. Ne2 {[%clk 0:34:35]} Ref7
{[%clk 0:09:03]} 28. Kc3 {[%clk 0:33:06]} Ne5 {[%clk 0:08:51]} 29. Rg1
{[%clk 0:32:32]} c5 {[%clk 0:07:18]} 30. Nc1 {[%clk 0:25:53]} b5 {[%clk 0:01:09]}
31. cxb5 {[%clk 0:24:31]} Rb7 {[%clk 0:01:33]} 32. Nd3 {[%clk 0:23:53]} Nxd3
{[%clk 0:01:36]} 33. Kxd3 {[%clk 0:24:16]} Rxb5 {[%clk 0:02:01]} 34. Rh2
{[%clk 0:23:44]} Kh7 {[%clk 0:01:54]} 35. Rhg2 {[%clk 0:23:07]} Rb4
{[%clk 0:01:29]} 1/2-1/2

[Event "IMP Kobiet do lat 20"]
[Site "Chotowa"]
[Date "2023.10.31"]
[Round "2.8"]
[White "Waszczuk, Patrycja"]
[Black "Labedz, Gabriela"]
[Result "1-0"]
[BlackElo "1547"]
[WhiteElo "2248"]
[LiveChessVersion "1.4.8"]

1. Nf3 {[%clk 1:30:57]} f5 {[%clk 1:30:37]} 2. b3 {[%clk 1:30:44]} Nf6
{[%clk 1:30:39]} 3. Bb2 {[%clk 1:31:05]} e6 {[%clk 1:30:05]} 4. e3
{[%clk 1:29:31]} Be7 {[%clk 1:29:53]} 5. Be2 {[%clk 1:29:53]} O-O
{[%clk 1:29:11]} 6. O-O {[%clk 1:30:13]} d6 {[%clk 1:24:54]} 7. d4
{[%clk 1:30:11]} Nc6 {[%clk 1:21:33]} 8. c4 {[%clk 1:28:56]} Ne4 {[%clk 1:18:48]}
9. Nbd2 {[%clk 1:22:40]} Bf6 {[%clk 1:14:15]} 10. Nxe4 {[%clk 1:17:50]} fxe4
{[%clk 1:14:34]} 11. Nd2 {[%clk 1:18:11]} d5 {[%clk 1:13:15]} 12. a3
{[%clk 1:15:21]} Qe8 {[%clk 1:05:46]} 13. f3 {[%clk 1:04:18]} Bg5
{[%clk 0:57:18]} 14. f4 {[%clk 1:02:23]} Bh6 {[%clk 0:50:44]} 15. b4
{[%clk 0:57:32]} g5 {[%clk 0:46:04]} 16. fxg5 {[%clk 0:43:26]} Bxg5
{[%clk 0:46:20]} 17. Qb3 {[%clk 0:41:48]} Ne7 {[%clk 0:42:42]} 18. cxd5
{[%clk 0:39:35]} Nxd5 {[%clk 0:38:44]} 19. Nxe4 {[%clk 0:38:52]} Bxe3+
{[%clk 0:37:13]} 20. Kh1 {[%clk 0:39:09]} Qg6 {[%clk 0:30:18]} 21. Rxf8+
{[%clk 0:38:31]} Kxf8 {[%clk 0:30:38]} 22. Rf1+ {[%clk 0:38:34]} Kg8
{[%clk 0:28:40]} 23. Nf6+ {[%clk 0:37:21]} Nxf6 {[%clk 0:26:57]} 24. Qxe3
{[%clk 0:37:47]} Nd5 {[%clk 0:25:35]} 25. Qh3 {[%clk 0:29:56]} Bd7
{[%clk 0:23:40]} 26. Bd3 {[%clk 0:28:31]} Qg7 {[%clk 0:22:45]} 27. Bc1
{[%clk 0:26:27]} e5 {[%clk 0:18:27]} 28. Qf3 {[%clk 0:25:19]} c6 {[%clk 0:15:43]}
29. dxe5 {[%clk 0:25:02]} Be6 {[%clk 0:13:08]} 30. Qh5 {[%clk 0:24:30]} Bf7
{[%clk 0:11:19]} 31. Qxh7+ {[%clk 0:21:33]} Qxh7 {[%clk 0:11:13]} 32. Bxh7+
{[%clk 0:22:00]} Kg7 {[%clk 0:11:15]} 33. Bd3 {[%clk 0:21:31]} Bg6
{[%clk 0:09:51]} 34. Bxg6 {[%clk 0:21:11]} Kxg6 {[%clk 0:10:15]} 35. g3
{[%clk 0:18:42]} Re8 {[%clk 0:10:25]} 36. Re1 {[%clk 0:17:29]} Nb6
{[%clk 0:10:15]} 37. Kg2 {[%clk 0:15:03]} Nc4 {[%clk 0:10:28]} 38. e6
{[%clk 0:11:38]} a5 {[%clk 0:09:35]} 39. h4 {[%clk 0:11:07]} axb4
{[%clk 0:09:29]} 40. axb4 {[%clk 0:41:33]} b6 {[%clk 0:38:26]} 41. g4
{[%clk 0:39:53]} c5 {[%clk 0:38:38]} 42. bxc5 {[%clk 0:40:07]} bxc5
{[%clk 0:39:02]} 43. h5+ {[%clk 0:40:06]} Kg7 {[%clk 0:39:18]} 44. g5
{[%clk 0:39:19]} Nb6 {[%clk 0:39:09]} 45. Bb2+ {[%clk 0:37:16]} Kg8
{[%clk 0:39:25]} 46. Kg3 {[%clk 0:31:53]} c4 {[%clk 0:39:37]} 47. Bd4
{[%clk 0:31:51]} Nd5 {[%clk 0:39:53]} 48. g6 {[%clk 0:31:57]} 1-0